Croatian Dream Team - Statistics

General Stats
  • This quiz has been taken 301 times
  • The average score is 6 of 13
Answer Stats
No. Answer % Correct
7 Toni Kukoč
93%
4 Dražen Petrović
90%
14 Dino Rađa
78%
11 Stojko Vranković
45%
9 Franjo Arapović
42%
5 Velimir Perasović
40%
13 Arijan Komazec
38%
10 Žan Tabak
35%
Coach Petar Skansi
32%
15 Aramis Naglić
25%
6 Danko Cvjetičanin
24%
8 Vladan Alanović
21%
12 Alan Gregov
14%
No matching quizzes found
Score Distribution
Percent of People with Each Score
Percentile by Number Answered
Your Score History
You have not taken this quiz